00660nam a2200169Ia 4500008004000000082001900040100005100059245008800110260004500198300001200243440000600255650004100261690002900302906001000331999001700341952013200358210210b1973 xxu||||| |||| 00| 0 eng d a621.38152 SEMI aSEMICONDUCTOR ELECTRONICS EDUCATION COMMITTEE. aHandbook of basic transistor circuits and measurements. by Thornton and others. V7. aNew Delhi.bWiley Eastern Pvt Ltd.c1973 axvi,156 a7 aTransistor Circuits Measurements  aSemiconductor Electronic a03952 c89835d89835 001040708ElectronicsaALbALcElectronicsd2021-02-17g10.00l0o621.38152 SEMIp039523r2021-02-17 00:00:00w2021-02-17yBK